| 000 | 00583nam a22001817a 4500 | ||
|---|---|---|---|
| 999 |
_c263846 _d263845 |
||
| 003 | OSt | ||
| 005 | 20240612133320.0 | ||
| 008 | 240612b xxu||||| |||| 00| 0 eng d | ||
| 010 | _a 75025839 | ||
| 020 | _a0444108688 | ||
| 040 | _cDLC | ||
| 050 |
_aQD63 _b.S4 G68 |
||
| 100 |
_aGould, H. _q (Hannah) |
||
| 245 |
_a Separation methods for nucleic acids and oligonucleotides / _c Hannah Gould and H. R. Matthews. |
||
| 260 |
_aAmsterdam : _aNew York : _bNorth-Holland Pub. Co. ; _b American Elsevier Pub. Co., _c 1976. |
||
| 300 |
_a 209-491 : _b ill. ; _c 20 cm. |
||
| 942 |
_2lcc _cBK |
||